000 004580000a22001810004500
003 MACL
005 20150708113036.0
008 150708b xxu||||| |||| 00| 0 eng d
040 _aMACL
_cMACL
041 _aEnglish
082 _a320/GAU
100 _aGautam, Meena
_91351
245 _aCommunalism And Indian Politics 1928-1935
260 _bPragati Publications
_c1993
_aDelhi
350 _a230
650 _aPolitical science
_988
942 _cBK
_k320
_2ddc
999 _c3628
_d3628